II Jornadas participativas sobre libertad de expresión y leyes de medios
Guardat en:
| Autor corporatiu: | |
|---|---|
| Format: | Llibre |
| Idioma: | espanyol |
| Publicat: |
Valparaíso
Pontificia Universidad Católica de Valparaíso
2014
|
| Edició: | 1a. ed |
| Matèries: | |
| Etiquetes: |
Afegir etiqueta
Sense etiquetes, Sigues el primer a etiquetar aquest registre!
|
MARC
| LEADER | 00000cam a2200000 a 4500 | ||
|---|---|---|---|
| 001 | UCC0509 | ||
| 003 | CL-VaPUC | ||
| 005 | 20221102110543.0 | ||
| 008 | 170818e20140000cl 1 spa d | ||
| 082 | 0 | 4 | |a 306 |b PON |2 21 |
| 110 | 2 | |a Pontificia Universidad Católica de Valparaíso. Observatorio de Comunicación y Medios |e author |9 622288 | |
| 245 | 1 | 0 | |a II Jornadas participativas sobre libertad de expresión y leyes de medios |
| 250 | |a 1a. ed | ||
| 260 | |a Valparaíso |b Pontificia Universidad Católica de Valparaíso |c 2014 | ||
| 300 | |a 158 p | ||
| 583 | |a last modification |c 20171117 10:45:36 |k Rodrigo Vera | ||
| 650 | 0 | 0 | |a Libertad de opinión |9 404292 |
| 650 | 0 | 0 | |a Medios de comunicación |9 257206 |
| 650 | 0 | 7 | |a COMUNICACION DE MASAS |2 CL-VaPUC |9 334823 |
| 942 | |c BK | ||
| 945 | |a dcastane |d 20170818 15:36:00 | ||
| 546 | |a En Español | ||
| 536 | |a Observatorio de Comunicación y Medios. Pontificia Universidad Católica de Valparaíso | ||
| 518 | |p Jornadas Participativas sobre Libertad de Expresión y Leyes de Medios, 2, Valparaíso, 2014 | ||
| 999 | |c 384909 |d 384907 | ||
| 952 | |0 0 |1 0 |3 erb |4 0 |6 306_000000000000000_PON_2014 |7 0 |8 A |9 507915 |a BIBEDU |b BIBEDU |i 5415144 |o 306 PON 2014 |p 5415144 |r 2020-01-23 |w 2020-01-23 |y BK |z Catalogado en:20170818 |k PSI | ||
| 952 | |0 0 |1 0 |3 erb |4 0 |6 306_000000000000000_PON_2014 |7 0 |8 A |9 507916 |a BIBCUR |b BIBCUR |i 5459664 |o 306 PON 2014 |p 5459664 |r 2025-04-22 |w 2020-01-23 |y BK |z Catalogado en:20180323 |k PER | ||